[Event "Corsica-chT"]
[Site "Ponte Leccia"]
[Date "2010.03.28"]
[Round "2"]
[White "Ratabouc, Bernard"]
[Black "Dehainault, Christian"]
[Result "0-1"]
[WhiteElo "1499"]
[BlackElo "1701"]
[PlyCount "86"]
[EventDate "2010.03.28"]
[EventType "team-tourn"]
[EventRounds "9"]
[EventCountry "FRA"]
[SourceTitle "EXT 2012"]
[Source "ChessBase"]
[SourceDate "2011.11.24"]
[SourceVersion "1"]
[SourceVersionDate "2011.11.24"]
[SourceQuality "1"]

1. e4 d6 2. Nf3 Nf6 3. Bc4 g6 4. 0-0 Bg7 5. d4 0-0 6. Nc3 Nbd7 7. Bd2 e5 8. d5 Nc5 9. b4 Ncxe4 10. Bd3 Nxc3 11. Bxc3 Nxd5 12. Bb2 Nxb4 13. c3 Nxd3 14. Qxd3 Re8 15. Rfe1 Qe7 16. Bc1 c6 17. Bg5 Qe6 18. h3 d5 19. Nxe5 Bxe5 20. h4 Bd7 21. Bf4 Qf6 22. Bxe5 Rxe5 23. Re3 Rxe3 24. fxe3 Qxh4 25. g3 Qxg3+ 26. Kf1 Bh3+ 27. Ke2 Re8 28. Rb1 Qg2+ 29. Kd1 Bf5 30. e4 Bxe4 31. Rb2 Qxb2 32. Qe2 Qxe2+ 33. Kxe2 Bb1+ 34. Kd2 Bxa2 35. Kc2 h5 36. Kb2 h4 37. Kxa2 h3 38. Ka3 h2 39. Kb4 h1Q 40. Kc5 Qc1 41. Kd6 Qxc3 42. Kd7 Qe3 43. Kc7 Qe7# 0-1